Podnikateľské formy po transformácii poľnohospodárskych podnikov.

Zákon č. 42/1992 Zb. ukladá súčasnému vedeniu družstva povinnosti vysporiadať majetkovú účasť jednotlivých oprávnených osôb, prispôsobiť právne pomery družstva obchodnému zákonníku a premeniť družstvo na inú podnikateľskú formu podľa obchodného zákonníka. Charakteristika osobných a kapitálových spol...

Ausführliche Beschreibung

Gespeichert in:
Bibliographische Detailangaben
1. Verfasser: Baumgartnerová, Eva
Format: Buchkapitel
Sprache:Slowakisch
Schlagworte:
Tags: Tag hinzufügen
Keine Tags, Fügen Sie das erste Tag hinzu!

MARC

LEADER 00000naa a2200000 4500
001 r009542
005 20220831083330.3
041 0 |a slo 
044 |a [CS] 
245 1 0 |a Podnikateľské formy po transformácii poľnohospodárskych podnikov.  |c E. Baumgartnerová 
520 |a Zákon č. 42/1992 Zb. ukladá súčasnému vedeniu družstva povinnosti vysporiadať majetkovú účasť jednotlivých oprávnených osôb, prispôsobiť právne pomery družstva obchodnému zákonníku a premeniť družstvo na inú podnikateľskú formu podľa obchodného zákonníka. Charakteristika osobných a kapitálových spoločností a prechodného typu medzi osobnou a kapitálovou spoločnosťou, a to spoločnosti komanditnej a spoločnosti s ručením obmedzeným. 
610 2 0 |a podnik poľnohospodársky 
610 2 0 |a podnikanie 
610 2 0 |a privatizácia 
610 2 0 |a reformy pozemkové 
610 2 0 |a zákonník obchodný 
610 2 0 |a transformácia 
610 2 0 |a družstvá poľnohospodárske 
100 1 |a Baumgartnerová, Eva